| 000 | 00463nam a2200169Ia 4500 | ||
|---|---|---|---|
| 008 | 230917s9999||||xx |||||||||||||| ||und|| | ||
| 020 | _cRS635 | ||
| 040 |
_e245983 _aMAIN |
||
| 041 | _aEnglish | ||
| 082 | _a531 T139I | ||
| 100 | _aTakwale, R G | ||
| 245 | 0 | _aIntroduction to classical mechanics | |
| 260 |
_aChennai _bMcGraw Hill Education (India) _c2016 |
||
| 300 | _aix, 425 p. | ||
| 500 | _a3047 23/02/2018 HBD18/7344 13/03/2018 Main Budget | ||
| 942 | _cBK | ||
| 999 |
_c26102 _d26102 |
||